000
00295nam a22001097a 4500
999
_c
2904
_d
2904
008
190405e1989 ag ||||| |||| 00| 0 spa d
100
1
_a
Cingolani, Horacio
245
_a
Fisiologia humana de Bernardo Houssay
_d
1, 2 y 4
250
_a
6a ed.
260
_a
Buenos Aires
_b
El Ateneo
_c
1989
500
_3
Baja